000 00548nam a2200217Ia 4500
003 OSt
005 20230607090321.0
008 210423s2010 xx 000 0 und d
020 _a9788126146154
040 _cAL
041 _aeng
082 _a303.4 SAHS
100 _aSAHOO (Sarbananda)
_9120894
245 _aDemensions of social change
260 _aJaipur
_bRawat Publications
_c2010
300 _axi,271
_bHB
365 _b900
_cINR
650 _aEnglish Letters
_9120895
906 _achange ; Demensions ; social
942 _2ddc
_cBK
999 _c176072
_d176072